| 000 | 00631nam a2200205 a 4500 | ||
|---|---|---|---|
| 001 | 21384 | ||
| 003 | CO-ViMGA | ||
| 008 | 141112s2004 ck r 000 u spa d | ||
| 020 | _a9586482855 | ||
| 040 |
_aCO-ViMGA _bspa _cCO-ViMGA |
||
| 082 | 0 | 4 | _aCo861 S156 |
| 100 | 1 |
_aSamper Alexandra, _930531 |
|
| 245 | 1 | 0 |
_aLa siesta : _bPoesía |
| 260 |
_aBogotá; Ecoe, _c2001 |
||
| 300 | _a103 | ||
| 590 | _aForma de adquisición : Compra fact. 0866 - - Precio : 15000 - - Proveedor : Temas y libros - - Fecha de adquisición : Mayo 2007 | ||
| 650 | 1 | 4 |
_aAMOR EN LA LITERATURA _969 |
| 650 | 1 | 4 |
_aPOESIA COLOMBIANA _91069 |
| 942 |
_2ddc _cBK |
||
| 999 |
_c30000 _d30000 |
||